{"text_format":"3","workbook":"xlsx","n_sheets":1,"sheets":["Sheet1"],"read":"whole","date_system":"1900"}

{"sheet":"Sheet1","index":0,"n_rows":75,"n_cols":38,"rows_kept":75,"merged":[[0,0,0,37],[2,0,74,0]]}
["Supplementary Table 2: Information of IVs for significant exposure-outcome pairs in forward MR analyses\t\t\t\t\t\t\t\t\t\t\t\t"]
["Outcome","SNP","effect_allele.exposure","other_allele.exposure","effect_allele.outcome","other_allele.outcome","beta.exposure","beta.outcome","eaf.exposure","eaf.outcome","remove","palindromic","ambiguous","id.outcome","chr.outcome","pos.outcome","samplesize.outcome","se.outcome","pval.outcome","outcome","mr_keep.outcome","pval_origin.outcome","chr.exposure","pos.exposure","se.exposure","pval.exposure","samplesize.exposure","exposure","mr_keep.exposure","pval_origin.exposure","id.exposure","data_source.exposure","chrpos","action","SNP_index","mr_keep","R2","F"]
["Net100_Pair5_30","rs1057335","G","A","G","A",0.0736765,-0.0106616,0.182438,0.811091,false,false,false,"OCy6BK",17,1657653,33442,0.00982316,0.277764,"Net100_Pair5_30",true,"reported",17,1754359,0.0151875,1.22755E-6,407717,"DEMENTIA",true,"reported","ceAf1v","textfile","17:1754359",2,1,true,5.77167016521677e-05,23.5333232799122]
[null,"rs10821055","G","A","G","A",-0.0548457,0.00896654,0.535496,0.446848,false,false,false,"OCy6BK",9,95789790,33442,0.00772489,0.24575,"Net100_Pair5_30",true,"reported",9,93027508,0.011681,2.66232E-6,407717,"DEMENTIA",true,"reported","ceAf1v","textfile","9:93027508",2,1,true,5.40683127844993e-05,22.0456541182545]
[null,"rs11132506","C","T","C","T",0.0547181,0.00901407,0.506474,0.56597,false,false,false,"OCy6BK",4,188958159,33106,0.00775951,0.245365,"Net100_Pair5_30",true,"reported",4,188037005,0.0116103,2.44236e-06,407717,"DEMENTIA",true,"reported","ceAf1v","textfile","4:188037005",2,1,true,5.44744251065796e-05,22.2112501774134]
[null,"rs1132899","T","C","T","C",0.168886,0.00290969,0.555001,0.496298,false,false,false,"OCy6BK",19,45448036,32818,0.00778399,0.70855,"Net100_Pair5_30",true,"reported",19,44944779,0.0117325,5.59242e-47,407717,"DEMENTIA",true,"reported","ceAf1v","textfile","19:44944779",2,1,true,0.000507956702049728,207.20681886856]
[null,"rs113510352","T","C","T","C",0.205448,-0.00470933,0.0168995,0.9587644,false,false,false,"OCy6BK",6,8921457,33442,0.0192567,0.8068,"Net100_Pair5_30",true,"reported",6,8921224,0.0444227,3.74869e-06,407717,"DEMENTIA",true,"reported","ceAf1v","textfile","6:8921224",2,1,true,5.2458072645529e-05,21.3890651178036]
[null,"rs113606705","T","G","T","G",-0.173616,1.37612E-3,0.0281757,0.9849376,false,false,false,"OCy6BK",16,82051870,33328,0.0316598,0.96533,"Net100_Pair5_30",true,"reported",16,82018265,0.0368922,2.52575e-06,407717,"DEMENTIA",true,"reported","ceAf1v","textfile","16:82018265",2,1,true,5.43160242761537e-05,22.1466607563153]
[null,"rs11630265","C","T","C","T",0.0574709,-0.00390743,0.497314,0.337519,false,false,false,"OCy6BK",15,59159826,33170,0.00814977,0.631616,"Net100_Pair5_30",true,"reported",15,58867627,0.0116382,7.88787e-07,407717,"DEMENTIA",true,"reported","ceAf1v","textfile","15:58867627",2,1,true,5.98052858247398e-05,24.384970460162]
[null,"rs116455282","G","A","G","A",0.114682,0.00398682,0.0699666,0.9188571,false,false,false,"OCy6BK",3,78209493,32794,0.0142317,0.779373,"Net100_Pair5_30",true,"reported",3,78160342,0.0223391,2.84073e-07,407717,"DEMENTIA",true,"reported","ceAf1v","textfile","3:78160342",2,1,true,6.46356737520756e-05,26.3546371735577]
[null,"rs116738941","C","A","C","A",0.089653,-0.014449,0.118831,0.9329523,false,false,false,"OCy6BK",12,113738947,33245,0.0153851,0.347652,"Net100_Pair5_30",true,"reported",12,113301142,0.017787,4.64654e-07,407717,"DEMENTIA",true,"reported","ceAf1v","textfile","12:113301142",2,1,true,6.23072183018111e-05,25.4051704354232]
[null,"rs117090603","C","A","C","A",-0.194966,0.0149745,0.0274317,0.9553622,false,false,false,"OCy6BK",20,43927915,33335,0.0186973,0.423193,"Net100_Pair5_30",true,"reported",20,45299275,0.0375454,2.07143e-07,407717,"DEMENTIA",true,"reported","ceAf1v","textfile","20:45299275",2,1,true,6.61327755390249e-05,26.9651078563188]
[null,"rs117441450","G","A","G","A",-0.462688,0.0343507,0.004508,0.9872466,false,false,false,"OCy6BK",11,123134780,33442,0.0343527,0.317339,"Net100_Pair5_30",true,"reported",11,123264072,0.0996041,3.39625e-06,407717,"DEMENTIA",true,"reported","ceAf1v","textfile","11:123264072",2,1,true,5.29224859465021e-05,21.5784333420134]
[null,"rs117481624","G","A","G","A",-0.231419,0.0106494,0.0201945,0.9717272,false,false,false,"OCy6BK",19,44913050,33442,0.023274,0.647263,"Net100_Pair5_30",true,"reported",19,44408884,0.0433923,9.65117e-08,407717,"DEMENTIA",true,"reported","ceAf1v","textfile","19:44408884",2,1,true,6.97563211572896e-05,28.442682537542]
[null,"rs11880899","G","C","G","C",0.241737,-0.0544126,0.0251313,0.0205996000000001,false,true,false,"OCy6BK",19,46709433,33423,0.0269497,0.0434828,"Net100_Pair5_30",true,"reported",19,46206176,0.035562,1.06341E-11,407717,"DEMENTIA",true,"reported","ceAf1v","textfile","19:46206176",2,1,true,1.13319816884761E-4,46.2074253581507]
[null,"rs12436584","A","G","A","G",0.053334,-2.42143E-4,0.440862,0.463104,false,false,false,"OCy6BK",14,95156810,31846,0.00790381,0.97556,"Net100_Pair5_30",true,"reported",14,94690473,0.0116657,4.83426e-06,407717,"DEMENTIA",true,"reported","ceAf1v","textfile","14:94690473",2,1,true,5.1263189278276e-05,20.9018427117115]
[null,"rs12525452","G","A","G","A",0.0597083,-0.0130358,0.279552,0.686682,false,false,false,"OCy6BK",6,163652973,33008,0.00833464,0.117804,"Net100_Pair5_30",true,"reported",6,163231941,0.0128995,3.67943e-06,407717,"DEMENTIA",true,"reported","ceAf1v","textfile","6:163231941",2,1,true,5.25462850712037e-05,21.4250344237723]
[null,"rs12711473","A","G","A","G",0.0569923,0.0103195,0.541353,0.378061,false,false,false,"OCy6BK",16,87224293,33082,0.00796535,0.195129,"Net100_Pair5_30",true,"reported",16,87190687,0.0116559,1.01069e-06,407717,"DEMENTIA",true,"reported","ceAf1v","textfile","16:87190687",2,1,true,5.86349361432613E-5,23.9077448187406]
[null,"rs12890406","T","C","T","C",-0.0808423,-0.0254232,0.864479,0.098887,false,false,false,"OCy6BK",14,53299566,33422,0.0128397,0.0476991,"Net100_Pair5_30",true,"reported",14,52832848,0.0167375,1.36527e-06,407717,"DEMENTIA",true,"reported","ceAf1v","textfile","14:52832848",2,1,true,5.72153386397029e-05,23.3288865636313]
[null,"rs12973802","C","T","C","T",0.0670223,-0.0123289,0.226975,0.785985,false,false,false,"OCy6BK",19,41715656,33208,0.00939065,0.18922,"Net100_Pair5_30",true,"reported",19,41209751,0.0136692,9.43127e-07,407717,"DEMENTIA",true,"reported","ceAf1v","textfile","19:41209751",2,1,true,5.89614332107516E-5,24.0408782261575]
[null,"rs139713267","G","A","G","A",0.471039,-0.0150589,0.00820752,0.99109511,false,false,false,"OCy6BK",19,45589665,33184,0.0412573,0.715112,"Net100_Pair5_30",true,"reported",19,45086407,0.0601859,5.01996e-15,407717,"DEMENTIA",true,"reported","ceAf1v","textfile","19:45086407",2,1,true,0.00015021045228347,61.2522552817242]
[null,"rs140003256","C","T","C","T",0.267271,0.0184277,0.0128963,0.9772673,false,false,false,"OCy6BK",7,106288924,33344,0.0258112,0.475262,"Net100_Pair5_30",true,"reported",7,106648478,0.0486264,3.87579e-08,407717,"DEMENTIA",true,"reported","ceAf1v","textfile","7:106648478",2,1,true,7.40915093233622e-05,30.2104580622098]
[null,"rs142656647","A","G","A","G",-0.133941,-0.0180432,0.0477817,0.9866916,false,false,false,"OCy6BK",19,43331111,32874,0.0340601,0.596288,"Net100_Pair5_30",true,"reported",19,42826959,0.0293338,4.96855e-06,407717,"DEMENTIA",true,"reported","ceAf1v","textfile","19:42826959",2,1,true,5.11339559667419e-05,20.8491469563426]
[null,"rs143846446","G","A","G","A",0.250059,-0.0292061,0.012378,0.99134291,false,false,false,"OCy6BK",19,48342322,32921,0.0418504,0.485259,"Net100_Pair5_30",true,"reported",19,47839065,0.051377,1.13224E-6,407717,"DEMENTIA",true,"reported","ceAf1v","textfile","19:47839065",2,1,true,5.80983026850362E-5,23.6889257656089]
[null,"rs145517757","C","T","C","T",0.136392,-0.0418844,0.0414522,0.9838601,false,false,false,"OCy6BK",17,42362047,32776,0.0306773,0.172153,"Net100_Pair5_30",true,"reported",17,44284679,0.0285752,1.81405E-6,407717,"DEMENTIA",true,"reported","ceAf1v","textfile","17:44284679",2,1,true,5.58748218230692e-05,22.7822759352013]
[null,"rs1582763","G","A","G","A",-0.0946381,0.0142793,0.28104,0.621824,false,false,false,"OCy6BK",11,60021948,33380,0.00794148,0.072166,"Net100_Pair5_30",true,"reported",11,60254475,0.0130655,4.37724e-13,407717,"DEMENTIA",true,"reported","ceAf1v","textfile","11:60254475",2,1,true,1.28666430836326E-4,52.4659844593932]
[null,"rs1617402","A","G","A","G",0.0705135,-0.00554409,0.799677,0.20868,false,false,false,"OCy6BK",10,95167741,33331,0.00943001,0.556586,"Net100_Pair5_30",true,"reported",10,93407984,0.0147724,1.81222e-06,407717,"DEMENTIA",true,"reported","ceAf1v","textfile","10:93407984",2,1,true,5.58803782143338e-05,22.7845416124599]
[null,"rs16844249","C","T","C","T",0.0923273,0.0136379,0.0910112,0.878596,false,false,false,"OCy6BK",4,3387148,33442,0.0117385,0.245315,"Net100_Pair5_30",true,"reported",4,3385421,0.0200869,4.29873e-06,407717,"DEMENTIA",true,"reported","ceAf1v","textfile","4:3385421",2,1,true,5.18147148246364e-05,21.1267311302753]
[null,"rs1734735","G","T","G","T",0.0652212,-0.00732387,0.28761,0.745729,false,false,false,"OCy6BK",7,101914066,33128,0.0088646,0.408695,"Net100_Pair5_30",true,"reported",7,102270795,0.0127729,3.28662e-07,407717,"DEMENTIA",true,"reported","ceAf1v","textfile","7:102270795",2,1,true,6.39457895248937e-05,26.0733248554855]
[null,"rs17376459","A","G","A","G",-0.0760195,-5.1779E-3,0.212997,0.836892,false,false,false,"OCy6BK",8,27263174,33156,0.0104456,0.620104,"Net100_Pair5_30",true,"reported",8,27405657,0.0143274,1.12117E-7,407717,"DEMENTIA",true,"reported","ceAf1v","textfile","8:27405657",2,1,true,6.90440787578077e-05,28.1522503169276]
[null,"rs17712471","A","G","A","G",0.254253,-0.0257566,0.0104489,0.9784552,false,false,false,"OCy6BK",19,44352769,33442,0.0264442,0.330057,"Net100_Pair5_30",true,"reported",19,43848617,0.0544958,3.0778E-6,407717,"DEMENTIA",true,"reported","ceAf1v","textfile","19:43848617",2,1,true,5.33855967209559e-05,21.7672706258159]
[null,"rs17835640","A","C","A","C",0.132926,-0.0115363,0.0459841,0.9541415,false,false,false,"OCy6BK",9,27389999,33418,0.0183953,0.530574,"Net100_Pair5_30",true,"reported",9,27390001,0.027208799999999998,1.03226E-6,407717,"DEMENTIA",true,"reported","ceAf1v","textfile","9:27390001",2,1,true,5.85351658833387e-05,23.8670622205717]
[null,"rs1882328","T","C","T","C",-0.054696,-0.0162163,0.471595,0.43338,false,false,false,"OCy6BK",4,185137253,33083,0.0077822,0.0371811,"Net100_Pair5_30",true,"reported",4,184216100,0.0116712,2.78029E-6,407717,"DEMENTIA",true,"reported","ceAf1v","textfile","4:184216100",2,1,true,5.38639127277457e-05,21.9623081536425]
[null,"rs2230288","C","T","C","T",0.148552,-0.0160934,0.0413051,0.9861551,false,false,false,"OCy6BK",1,155206167,33442,0.0329447,0.625198,"Net100_Pair5_30",true,"reported",1,155236376,0.0283322,1.57787e-07,407717,"DEMENTIA",true,"reported","ceAf1v","textfile","1:155236376",2,1,true,6.74230362698685e-05,27.4912367754237]
[null,"rs2696916","C","T","C","T",-0.0593851,0.00761747,0.653055,0.311697,false,false,false,"OCy6BK",11,49058113,32923,0.00832934,0.360436,"Net100_Pair5_30",true,"reported",11,49036561,0.012137,9.93528e-07,407717,"DEMENTIA",true,"reported","ceAf1v","textfile","11:49036561",2,1,true,5.87148505918469e-05,23.9403309620104]
[null,"rs2745246","A","T","A","T",-0.0643764,-0.00162573,0.223175,0.205359,false,true,false,"OCy6BK",1,21648756,32599,0.00959522,0.865458,"Net100_Pair5_30",true,"reported",1,21322263,0.0140438,4.56205e-06,407717,"DEMENTIA",true,"reported","ceAf1v","textfile","1:21322263",2,1,true,5.15350734866152e-05,21.0127053779111]
[null,"rs28615360","G","A","G","A",0.613624,-8.33332E-3,0.0116811,0.9867655,false,false,false,"OCy6BK",19,45344722,33322,0.033649,0.804402,"Net100_Pair5_30",true,"reported",19,44841465,0.0486568,1.83021e-36,407717,"DEMENTIA",true,"reported","ceAf1v","textfile","19:44841465",2,1,true,0.000389932459794135,159.043329001457]
[null,"rs2894221","T","A","T","A",-0.057421,7.36179E-3,0.350078,0.404936,false,true,false,"OCy6BK",6,31461771,33304,0.00784356,0.347948,"Net100_Pair5_30",true,"reported",6,31493994,0.0122805,2.92846e-06,407717,"DEMENTIA",true,"reported","ceAf1v","textfile","6:31493994",2,1,true,5.36200601370684e-05,21.8628751074629]
[null,"rs2906657","T","C","T","C",-0.0613378,0.00450705,0.287211,0.67576,false,false,false,"OCy6BK",7,99984089,32479,0.0083072,0.587441,"Net100_Pair5_30",true,"reported",7,100386466,0.0129301,2.0973e-06,407717,"DEMENTIA",true,"reported","ceAf1v","textfile","7:100386466",2,1,true,5.51911995051123e-05,22.5035219025938]
[null,"rs3173615","C","G","C","G",-0.0643496,0.00820067,0.345957,0.416662,false,true,false,"OCy6BK",7,12269417,33442,0.00776018,0.29062,"Net100_Pair5_30",true,"reported",7,12229791,0.0122201,1.39502E-7,407717,"DEMENTIA",true,"reported","ceAf1v","textfile","7:12229791",2,1,true,6.80070329358602e-05,27.7293732258425]
[null,"rs34173062","G","A","G","A",0.126787,-0.00983362,0.0556247,0.9434157,false,false,false,"OCy6BK",8,145158607,31484,0.0171744,0.566934,"Net100_Pair5_30",true,"reported",8,144103704,0.0256979,8.06603e-07,407717,"DEMENTIA",true,"reported","ceAf1v","textfile","8:144103704",2,1,true,5.9699326848535e-05,24.3417642329895]
[null,"rs3764642","G","A","G","A",-0.0554352,8.78197e-05,0.5286690000000001,0.490366,false,false,false,"OCy6BK",19,1040046,33217,0.00780932,0.991028,"Net100_Pair5_30",true,"reported",19,1040047,0.0115731,1.66767E-6,407717,"DEMENTIA",true,"reported","ceAf1v","textfile","19:1040047",2,1,true,5.62715096877573e-05,22.9440296675317]
[null,"rs395604","C","T","C","T",0.124247,-0.0161784,0.0997299,0.893182,false,false,false,"OCy6BK",19,47345369,32471,0.0126698,0.201627,"Net100_Pair5_30",true,"reported",19,46842112,0.019096,7.69485e-11,407717,"DEMENTIA",true,"reported","ceAf1v","textfile","19:46842112",2,1,true,1.03820496050438E-4,42.3335686392999]
[null,"rs4277405","C","T","C","T",0.0598228,-0.00084073,0.626634,0.374275,false,false,false,"OCy6BK",17,61548918,33442,0.00795071,0.915786,"Net100_Pair5_30",true,"reported",17,63471557,0.0120046,6.24986e-07,407717,"DEMENTIA",true,"reported","ceAf1v","textfile","17:63471557",2,1,true,6.09049812269323e-05,24.8333868979015]
[null,"rs4476262","C","G","C","G",0.0756843,-0.00373575,0.811002,0.784108,false,true,false,"OCy6BK",18,43505558,33225,0.00938599,0.69062,"Net100_Pair5_30",true,"reported",18,45925592,0.0150003,4.52314e-07,407717,"DEMENTIA",true,"reported","ceAf1v","textfile","18:45925592",2,1,true,6.24346629355027e-05,25.4571380065792]
[null,"rs4592924","G","A","G","A",0.0734099,-0.0108688,0.779465,0.259246,false,false,false,"OCy6BK",20,6897593,33420,0.00880586,0.217103,"Net100_Pair5_30",true,"reported",20,6916946,0.0141194,2.00134e-07,407717,"DEMENTIA",true,"reported","ceAf1v","textfile","20:6916946",2,1,true,6.6296281228518e-05,27.0317804076012]
[null,"rs56889100","G","A","G","A",-0.105379,0.0115787,0.0906686,0.9300338,false,false,false,"OCy6BK",4,1087401,33116,0.0151734,0.445407,"Net100_Pair5_30",true,"reported",4,1093613,0.0207673,3.89E-7,407717,"DEMENTIA",true,"reported","ceAf1v","textfile","4:1093613",2,1,true,6.31483237446085E-5,25.7481447677147]
[null,"rs58474699","C","T","C","T",0.0604561,0.00111354,0.295948,0.683606,false,false,false,"OCy6BK",17,79257728,33275,0.0082594,0.892753,"Net100_Pair5_30",true,"reported",17,81283928,0.0126857,1.88213e-06,407717,"DEMENTIA",true,"reported","ceAf1v","textfile","17:81283928",2,1,true,5.57016897697084e-05,22.7116795233836]
[null,"rs5848","C","T","C","T",0.0952507,-0.00959953,0.344475,0.724271,false,false,false,"OCy6BK",17,42430244,32356,0.00876277,0.273302,"Net100_Pair5_30",true,"reported",17,44352876,0.012177,5.19278e-15,407717,"DEMENTIA",true,"reported","ceAf1v","textfile","17:44352876",2,1,true,0.000150048531632283,61.1862179766199]
[null,"rs62041876","G","A","G","A",0.0889848,-0.0150263,0.109927,0.9154977,false,false,false,"OCy6BK",16,33864308,31366,0.014436,0.297924,"Net100_Pair5_30",true,"reported",16,34061841,0.0188721,2.41518e-06,407717,"DEMENTIA",true,"reported","ceAf1v","textfile","16:34061841",2,1,true,5.45266351123644e-05,22.2325393003957]
[null,"rs62120697","G","A","G","A",0.222637,0.02134,0.0143527,0.9673687,false,false,false,"OCy6BK",19,40017618,33189,0.0217706,0.326977,"Net100_Pair5_30",true,"reported",19,39526978,0.0469441,2.10994e-06,407717,"DEMENTIA",true,"reported","ceAf1v","textfile","19:39526978",2,1,true,5.51632531903784e-05,22.4921265133848]
[null,"rs62486500","A","G","A","G",-0.0893149,0.0256378,0.104596,0.879975,false,false,false,"OCy6BK",8,5681152,33139,0.0118804,0.0309287,"Net100_Pair5_30",true,"reported",8,5823630,0.0193012,3.7022e-06,407717,"DEMENTIA",true,"reported","ceAf1v","textfile","8:5823630",2,1,true,5.25167186221804e-05,21.4129784724076]
[null,"rs659023","A","G","A","G",0.0605886,0.000628471,0.605908,0.370818,false,false,false,"OCy6BK",11,85824859,33267,0.00796504,0.937109,"Net100_Pair5_30",true,"reported",11,86113817,0.0119301,3.80189e-07,407717,"DEMENTIA",true,"reported","ceAf1v","textfile","11:86113817",2,1,true,6.32568226896439e-05,25.7923870073598]
[null,"rs6705894","C","T","C","T",0.0880955,-0.0358311,0.115387,0.878104,false,false,false,"OCy6BK",2,106319451,33188,0.0118332,2.4616E-3,"Net100_Pair5_30",true,"reported",2,105702994,0.0179193,8.82247e-07,407717,"DEMENTIA",true,"reported","ceAf1v","textfile","2:105702994",2,1,true,5.9276261432683e-05,24.169253593021]
[null,"rs6733839","C","T","C","T",0.0826208,0.00652558,0.373495,0.612453,false,false,false,"OCy6BK",2,127892810,31462,0.0081278,0.422049,"Net100_Pair5_30",true,"reported",2,127135234,0.0120972,8.5055e-12,407717,"DEMENTIA",true,"reported","ceAf1v","textfile","2:127135234",2,1,true,1.14393294274386E-4,46.6451978729282]
[null,"rs67819400","A","G","A","G",0.0738968,0.0181676,0.156105,0.846093,false,false,false,"OCy6BK",5,30771360,32929,0.0107233,0.0902233,"Net100_Pair5_30",true,"reported",5,30771253,0.0158365,3.06768e-06,407717,"DEMENTIA",true,"reported","ceAf1v","textfile","5:30771253",2,1,true,5.34011785453356E-5,21.7736242478075]
[null,"rs679515","T","C","T","C",-0.0847828,-0.0153912,0.807537,0.174621,false,false,false,"OCy6BK",1,207750568,33378,0.010107,0.127803,"Net100_Pair5_30",true,"reported",1,207577223,0.0145791,6.04965e-09,407717,"DEMENTIA",true,"reported","ceAf1v","textfile","1:207577223",2,1,true,8.29390849171914e-05,33.8183138670183]
[null,"rs68043120","T","G","T","G",0.140366,-0.00740727,0.0427743,0.9622929,false,false,false,"OCy6BK",1,202042331,33442,0.0200502,0.711802,"Net100_Pair5_30",true,"reported",1,202073203,0.0277461,4.21599e-07,407717,"DEMENTIA",true,"reported","ceAf1v","textfile","1:202073203",2,1,true,6.27673615520308e-05,25.5928012077928]
[null,"rs71512235","T","C","T","C",-0.209231,-0.0116833,0.0227922,0.9767793,false,false,false,"OCy6BK",9,93138536,33117,0.0255753,0.647801,"Net100_Pair5_30",true,"reported",9,90376254,0.0407835,2.89288e-07,407717,"DEMENTIA",true,"reported","ceAf1v","textfile","9:90376254",2,1,true,6.45499959441976e-05,26.3197005329512]
[null,"rs723212","A","G","A","G",-0.0610006,-7.59313E-3,0.4157,0.603102,false,false,false,"OCy6BK",10,61725913,32914,0.00794884,0.339451,"Net100_Pair5_30",true,"reported",10,59966155,0.0118118,2.41257E-7,407717,"DEMENTIA",true,"reported","ceAf1v","textfile","10:59966155",2,1,true,6.54107028117302e-05,26.6706692441043]
[null,"rs7257625","G","A","G","A",-0.127143,0.00762195,0.885317,0.192585,false,false,false,"OCy6BK",19,46474428,32770,0.00982462,0.437866,"Net100_Pair5_30",true,"reported",19,45971170,0.0180185,1.7108e-12,407717,"DEMENTIA",true,"reported","ceAf1v","textfile","19:45971170",2,1,true,1.22105657910195E-4,49.7903880029398]
[null,"rs72840485","A","C","A","C",-0.110051,0.0484932,0.0676119,0.9454718,false,false,false,"OCy6BK",17,53598693,32066,0.0171677,0.00473295,"Net100_Pair5_30",true,"reported",17,55521332,0.0237032,3.43566e-06,407717,"DEMENTIA",true,"reported","ceAf1v","textfile","17:55521332",2,1,true,5.28679223716951e-05,21.5561846004698]
[null,"rs74436515","A","G","A","G",0.144691,0.019971,0.0454276,0.9855871,false,false,false,"OCy6BK",15,64045580,33130,0.0323613,0.537151,"Net100_Pair5_30",true,"reported",15,63753381,0.0270793,9.13061e-08,407717,"DEMENTIA",true,"reported","ceAf1v","textfile","15:63753381",2,1,true,7.00194893172003e-05,28.5499951430422]
[null,"rs75150521","G","A","G","A",0.384722,-0.0353837,0.0226773,0.9765905,false,false,false,"OCy6BK",19,44383324,33213,0.0255609,0.16627,"Net100_Pair5_30",true,"reported",19,43879172,0.0368104,1.44311e-25,407717,"DEMENTIA",true,"reported","ceAf1v","textfile","19:43879172",2,1,true,0.000267841465424311,109.232239998706]
[null,"rs75804598","A","T","A","T",-0.0806432,0.00145493,0.134108,0.131661,false,true,false,"OCy6BK",21,27661096,33104,0.011425,0.898666,"Net100_Pair5_30",true,"reported",21,26288777,0.0172826,3.06902e-06,407717,"DEMENTIA",true,"reported","ceAf1v","textfile","21:26288777",2,1,true,5.33992720639406e-05,21.7728468637228]
[null,"rs76222888","T","C","T","C",0.256699,-0.0306797,0.0187268,0.978287,false,false,false,"OCy6BK",9,27841659,33298,0.0264039,0.24526,"Net100_Pair5_30",true,"reported",9,27841661,0.0416404,7.06334e-10,407717,"DEMENTIA",true,"reported","ceAf1v","textfile","9:27841661",2,1,true,9.32007205124313e-05,38.0028736589325]
[null,"rs77151979","G","A","G","A",-0.129519,0.0199559,0.0483894,0.965876,false,false,false,"OCy6BK",2,240514408,32968,0.0213459,0.349848,"Net100_Pair5_30",true,"reported",2,239592714,0.0277065,2.94408e-06,407717,"DEMENTIA",true,"reported","ceAf1v","textfile","2:239592714",2,1,true,5.35946617145807e-05,21.8525186793065]
[null,"rs7912495","A","G","A","G",0.0550868,-0.00443937,0.496458,0.544241,false,false,false,"OCy6BK",10,11718713,32854,0.0078437,0.571409,"Net100_Pair5_30",true,"reported",10,11676714,0.0116487,2.25606E-6,407717,"DEMENTIA",true,"reported","ceAf1v","textfile","10:11676714",2,1,true,5.48475872752278e-05,22.3634106250355]
[null,"rs79260979","G","T","G","T",-0.171424,0.033123,0.0269455,0.9798607,false,false,false,"OCy6BK",1,28436313,33442,0.0273097,0.225181,"Net100_Pair5_30",true,"reported",1,28109802,0.0374931,4.82736e-06,407717,"DEMENTIA",true,"reported","ceAf1v","textfile","1:28109802",2,1,true,5.12695448961468e-05,20.9044342581632]
[null,"rs79721592","C","A","C","A",-0.0878726,0.00683925,0.106278,0.897883,false,false,false,"OCy6BK",19,727448,32644,0.012844,0.59439,"Net100_Pair5_30",true,"reported",19,727448,0.0192112,4.78432e-06,407717,"DEMENTIA",true,"reported","ceAf1v","textfile","19:727448",2,1,true,5.13117541422882e-05,20.9216453664463]
[null,"rs7982","A","G","A","G",0.0790052,-0.00714788,0.584812,0.405912,false,false,false,"OCy6BK",8,27462481,33442,0.00781039,0.3601,"Net100_Pair5_30",true,"reported",8,27604964,0.0118461,2.5704e-11,407717,"DEMENTIA",true,"reported","ceAf1v","textfile","8:27604964",2,1,true,1.09082320554284E-4,44.4793502355303]
[null,"rs8080987","G","A","G","A",0.0902436,-0.0093794,0.0990213,0.9282805,false,false,false,"OCy6BK",17,71115979,33387,0.0148974,0.528956,"Net100_Pair5_30",true,"reported",17,73119840,0.0193414,3.07383e-06,407717,"DEMENTIA",true,"reported","ceAf1v","textfile","17:73119840",2,1,true,5.33918540307498e-05,21.7698220973108]
[null,"rs8113128","A","C","A","C",0.332029,-0.00841399,0.0427234,0.9547927,false,false,false,"OCy6BK",19,45700657,32904,0.0186523,0.651919,"Net100_Pair5_30",true,"reported",19,45197399,0.0275583,1.98153E-33,407717,"DEMENTIA",true,"reported","ceAf1v","textfile","19:45197399",2,1,true,0.000355904740550379,145.159364199351]
[null,"rs9468","T","C","T","C",-0.126965,0.000955918,0.0960378,0.776632,false,false,false,"OCy6BK",17,44101563,33353,0.009218230000000001,0.917408,"Net100_Pair5_30",true,"reported",17,46024197,0.0203382,4.3017e-10,407717,"DEMENTIA",true,"reported","ceAf1v","textfile","17:46024197",2,1,true,9.55746413555474e-05,38.9709395338462]
[null,"rs9615057","G","A","G","A",0.0914438,-0.0131351,0.111238,0.9208953,false,false,false,"OCy6BK",22,44818636,32792,0.0144359,0.36288,"Net100_Pair5_30",true,"reported",22,44422756,0.0183627,6.36283e-07,407717,"DEMENTIA",true,"reported","ceAf1v","textfile","22:44422756",2,1,true,6.08205323912811e-05,24.7989516493532]